Ανάπτυξη πληροφοριακών συστημάτων : εφαρμογή σε ξενοδοχειακό συγκρότημα : [πτυχιακή εργασία]

Αποθηκεύτηκε σε:
Λεπτομέρειες βιβλιογραφικής εγγραφής
Κύριος συγγραφέας: Τσαλιγόπουλος, Χάρης
Συγγραφή απο Οργανισμό/Αρχή: Πανεπιστήμιο Αιγαίου. Σχολή Θετικών Επιστημών. Τμήμα Μαθηματικών
Άλλοι συγγραφείς: Παναγιωτόπουλος, Θεμιστοκλής (dgs [Επιβλέπων καθηγητής])
Μορφή: Thesis Βιβλίο
Γλώσσα:Greek
Δημοσίευση: 1995.
Θέματα:
Ετικέτες: Προσθήκη ετικέτας
Δεν υπάρχουν, Καταχωρήστε ετικέτα πρώτοι!

MARC

LEADER 00000cam a2200000 i 4500
001 1/55272
008 981021s1995 gre d
035 |l 10045240 
040 |a GR-MyUa  |b gre  |e AACR2 
041 0 |a gre 
082 7 |a 658.4038   |2 (21) 
100 1 |a Τσαλιγόπουλος, Χάρης. 
245 1 0 |a Ανάπτυξη πληροφοριακών συστημάτων :   |b εφαρμογή σε ξενοδοχειακό συγκρότημα : [πτυχιακή εργασία] /   |c Τσαλιγόπουλος Χάρης ; επιβλέπων καθηγητής, Θ. Παναγιωτόπουλος. 
260 |c 1995. 
300 |a 73 σ. :   |b εικ. ;   |c 30 εκ. +   |e 2 παραρτήματα -- Κώδικας προγραμμάτων εφαρμογής -- Εγχειρίδιο χρήσης εφαρμογής. 
500 |a Μέλη εξεταστικής επιτροπής: Παναγιωτόπουλος Θεμιστοκλής, Φλέσσας Γεώργιος, Κάτσικας Σωκράτης. 
502 # # |a Πτυχιακή εργασία – Πανεπιστήμιο Αιγαίου, Σάμος, 1995. 
504 |a Περιέχει βιβλιογραφικές αναφορές. 
610 2 0 |a University of the Aegean  |x Dissertations. 
650 0 0 |a Management information systems. 
650 0 0 |a Hotel management. 
650 0 0 |a Dissertations, Academic  |z Greece. 
700 1 |a Παναγιωτόπουλος, Θεμιστοκλής,  |e dgs [Επιβλέπων καθηγητής] 
710 2 |a Πανεπιστήμιο Αιγαίου.   |b Σχολή Θετικών Επιστημών.   |b Τμήμα Μαθηματικών. 
852 |a INST  |b SAMOS  |c DIATR  |e 19981021  |h 658.4038 ΤΣΑ  |p 005300009718  |q 005300009718  |t DIE  |y 23 
852 |a INST  |b SAMOS  |c DIATR  |e 19981021  |h 658.4038 ΤΣΑ  |p 005300009719  |q 005300009719  |t DIE  |y 23 
852 |a INST  |b SAMOS  |c DIATR  |e 19981022  |h 658.4038 ΤΣΑ  |p 005300009724  |q 005300009724  |t DIE  |y 23 
852 |a INST  |b SAMOS  |c DIATR  |e 19981112  |h ΤΣΑ   |p 005300013849  |q 005300013849  |t DIE  |y 23 
901 |a BIBL-1998-3 
909 |a Σ  |b 046003 
909 |a Σ  |b 046004 
909 |a Σ  |b 046005 
909 |a Σ  |b 060458 
924 |a ΤΣΑΛΙΓΟΠΟΥΛΟΣ  |b ΧΑΡΗΣ  |y Σάμος  |z 1996-07 
970 |a ΚΟΣΙΕΡΗΣ  |b ΧΡΗΣΤΟΣ  |z 2004/06/29